00376 a2200109 450000100060000008200120000610000760001824501140009426000270020830000080023550000230024390970 aPR 1776 aMuhammad Nauman Danish: Prof M Manzar Abbas and Irfan Shahid (Advisors) aDesign and Demonstration of Remote condition Monitoring of Electrical power systems and Machinesn76th 'B' EC aRawalpindibNUSTc2014 a85p aBE Project Reports